banner-ar

الرباعيات : (Record no. 66700)

MARC details
000 -الفاتح
حقل البيانات ثابتة الطول 00787nam a2200217Ia 4500
005 - وقت وتاريخ اخر تعامل مع التسجيلة
رقم الضبط 20240530110934.0
008 - عناصر البيانات ثابتة الطول - معلومات عامة
حقل البيانات ثابتة الطول 140319s xx 000 0 ara d
040 ## - مصدر الفهرسة
وكالة الفهرسة الأصلية GCL /
وكالة النسخ GCL
082 04 - رقم تصنيف ديوى العشرى
رقم التصنيف 811.9 /
رقم المادة ص ر
100 1# - المدخل الرئيسى - إسم شخصى
الإسم الشخصى صلاح جاهين
245 10 - بيان العنوان
العنوان الرباعيات :
بقية العنوان اشعار بالعامية المصرية /
بيان المسئوليه,etc تاليف صلاح جاهين ؛ رسوم ادم حنين
260 ## - PUBLICATION, DISTRIBUTION, ETC. (IMPRINT)
تاريخ النشر أو التوزيع د . ت
300 ## - الوصف المادى
التعداد 160 ص ؛
تفاصيل ماديه اخرى للوعاء 20 سم
650 04 - المدخل الاضافى بالموضوع-مصطلح موضوعى
مصطلح موضوعي الشعر العربى
650 04 - المدخل الاضافى بالموضوع-مصطلح موضوعى
مصطلح موضوعي الادب العربى
650 04 - المدخل الاضافى بالموضوع-مصطلح موضوعى
مصطلح موضوعي العصر الحديث
650 04 - المدخل الاضافى بالموضوع-مصطلح موضوعى
مصطلح موضوعي صلاح جاهين
700 ## - المدخل الاضافى - اسم شخصى
الإسم الشخصى ادم حنين
الدور رسوم
942 ## - عناصر المدخل الإضافي( كوها)
مصدر التصنيف او مخطط الترفيف Dewey Decimal Classification
Koha [default] item type كتاب
260 ## - PUBLICATION, DISTRIBUTION, ETC. (IMPRINT)
-- القاهرة :
-- وكالة سفنكس للفنون والاداب ،
Holdings
حالة التراجع حالة الفقد حالة تلف ليس للاعارة المكان المؤقت الموقع الحالى موقع الترفيف تاريخ الاكتساب اجمالي اﻻعارات رقم الطلب الباركود تاريخ اخر مشاهدة تاريخ تفعيل السعر نوع وعاء كوها
        مكتبة القاهرة الكبرى مكتبة القاهرة الكبرى ق الرئيسية_الأداب_ك عربى 09/19/2022   811.9 / ص ر 168507 09/19/2022 09/19/2022 كتاب

Powered By

EGPV